| 000 | 00684nam a22001577a 4500 | ||
|---|---|---|---|
| 003 | OSt | ||
| 005 | 20150919102729.0 | ||
| 008 | 150919b xxu||||| |||| 00| 0 eng d | ||
| 040 | _cRUA | ||
| 082 | _aAGR SEM 2005 B031 Or.1 | ||
| 100 |
_9840 _aSEM, KEOVIREAK. |
||
| 245 | _aThe effect of the seeding number on corn yield in kompong leng district kompong chnang province ឥទ្ធិពលនៃចំនួនដើមទៅលើទិន្នផលពោតក្នុងលក្ខខណ្ឌស្រុក កំពង់លែង ខេត្តកំពង់ឆ្នាំង | ||
| 260 |
_aPhnom Penh _bRUA _c2005 |
||
| 300 |
_axii; 64p. _bill. _c29cm. |
||
| 942 |
_2ddc _cAGR |
||
| 999 |
_c810 _d810 |
||